| 000 | 01541nam0a2200337 4500 | ||
|---|---|---|---|
| 001 | RU\NLR\BIBL_A\022733124 | ||
| 005 | 20260409003258.0 | ||
| 035 | _a(NLR Aleph) 022733124 | ||
| 090 |
_a13650287 _c13650287 |
||
| 100 | _a20260219d2024 k y0rusy50 ca | ||
| 101 | 0 | _aeng | |
| 102 | _aRU | ||
| 105 | _aa dm 000 y | ||
| 181 | 0 |
_ai3 _baxxe |
|
| 182 | 0 | _an | |
| 200 | 1 |
_aDesign of freeform composite structures _edissertation abstract of the dissertation for the degree of doctor of philosophy in engineering _especiality: 1.1.8. Mechanics of deformable solids _fAnastasiia Viktorovna Moskaleva _gAutonomous non-profit educational organization for higher education "Skolkovo institute of science and technology" |
|
| 203 |
_aТекст _bвизуальный _cнепосредственный |
||
| 210 |
_aMoscow _c[s.n.] _d2024 |
||
| 215 |
_a32 с. _cцв. ил. _d21 |
||
| 320 | _aБиблиогр.: с. 32 | ||
| 320 | _aДр. работы авт.: с. 31-32 | ||
| 333 | _a"As a manuscript" | ||
| 541 | 1 | _aПроектирование композитных конструкций произвольной формы. | |
| 606 | 1 |
_aКомпозиционные материалы полимерные _xФормование _jАвторефераты диссертаций _2nlr_sh2 _3RU\NLR\AUTH\6601747154 |
|
| 686 | 1 | _aЛ719.205.1 | |
| 700 | 1 |
_aMoskaleva _bA. V. _gAnastasija Viktorovna |
|
| 911 | _a1511.1.8--- | ||
| 942 | _cBOOK | ||
| 980 | _aNB | ||